Schnelle Mathematik: Vielfachen von 12 - Statistiken

Allgemein
  • Dieses Quiz wurde 394 mal gespielt
  • Das Durchschnittsergebnis liegt bei 8 aus 10
Antwortstatistiken
Hint Antwort % Korrekt
1*12 12
100%
2*12 24
100%
3*12 36
98%
4*12 48
96%
5*12 60
93%
6*12 72
92%
7*12 84
83%
8*12 96
77%
9*12 108
53%
10*12 120
50%
Keine übereinstimmenden Quizze gefunden
Verteilung der Resultate
Anzahl Personen mit jedem Resultat
Perzentil nach korrekt beantworteten Fragen
Ihre Resultats-Entwicklung
Sie haben dieses Quiz noch nicht gespielt